A key to Soviet politics : The crisis of the anti-party group
Shranjeno v:
| Glavni avtor: | |
|---|---|
| Format: | Knjiga |
| Jezik: | Undetermined |
| Izdano: |
London
George Allen & Uwin
1962
|
| Teme: | |
| Oznake: |
Označite
Brez oznak, prvi označite!
|
| Thư viện lưu trữ: | Trung tâm Học liệu Trường Đại học Cần Thơ |
|---|
| LEADER | 00615nam a2200217Ia 4500 | ||
|---|---|---|---|
| 001 | CTU_85036 | ||
| 008 | 210402s9999 xx 000 0 und d | ||
| 082 | |a 947.085 | ||
| 082 | |b P486 | ||
| 100 | |a Pethybridge, Roger William | ||
| 245 | 2 | |a A key to Soviet politics : | |
| 245 | 4 | |b The crisis of the anti-party group | |
| 245 | 0 | |c Roger William Pethybridge | |
| 260 | |a London | ||
| 260 | |b George Allen & Uwin | ||
| 260 | |c 1962 | ||
| 650 | |a Soviet Union | ||
| 650 | |x Politics and government | ||
| 650 | |y 1953-1985 | ||
| 904 | |i Nguyên, Qhieu | ||
| 980 | |a Trung tâm Học liệu Trường Đại học Cần Thơ | ||